000 00811cam a2200265I 4500
001 4662167
003 ARRUPE
005 20140521131939.0
008 801103r1900uuuunyu 000 0 eng
010 _a04011700
035 _a(OCoLC)ocm06894387
035 _a(NNC)4662167
040 _aDLC
_cPGC
_dOCL
098 _aYF70
100 1 _aFarrar, F. W.
_q(Frederic William),
_d1831-1903.
_910434
245 1 4 _aThe life of Christ as represented in art,
_cby Frederic W. Farrar.
260 _bAdam and Charles Black;
_aLondon,
_c1900.
300 _a3 p. ., v-xix, 507 p.
_bfront., illus., 22 pl.
_c22 cm.
500 _aFirst published in 1894.
504 _a"Authorities": p. 491-496.
600 0 4 _aJesus Christ
_xArt.
_910435
600 0 4 _aJesus Christ.
_910436
942 _2lcc
_cMONOGRAPH
999 _c120560
_d120560